01662nam a2200457 i 450000100060000000300080000600500170001400600190003100700150005000800410006502000280010602000180013403500220015204000310017405000220020508000110022708000110023808000110024908200120026010000420027224501040031426400340041830000410045233600290049333700330052233800430055549000420059850400390064058800830067959001620076265000180092465000250094265000180096765000250098565000260101065500270103679700180106383000430108185600630112499900170118771827FINmELB20241217143331.0m o u cr cn|||||||||210407s2016 sp ob 000 0 spa d a9788494253393q(e-book) z9788494253386 a(OCoLC)1246315507 aFINmELBbspaerdacFINmELB14aBD222b.C837 2016 a165.81 a165.12 a316.6204a1412231 aCuartango, Román G.,d1958-eautor.10aTal vez no tan sujeto-- :bel individuo, las reglas del juego y lo político /cRomán Cuartango. 1a[Pamplona] :bGenueve,c2016. a1 recurso en línea (235 páginas) atextobtxt2rdamedia/spa acomputadorabc2rdamedia/spa arecurso en líneabcr2rdacarrier/spa1 aCiencias sociales y humanidades ;v15 aBibliografía: páginas 233-235. aDescripción basada en metadatos suministrados por el editor y otras fuentes. aRecurso electrónico. Santa Fe, Arg.: elibro, 2021. Disponible vía World Wide Web. El acceso puede estar limitado para las bibliotecas afiliadas a elibro. 0aSubjectivity. 0aSubject (Philosophy) 4aSubjetividad. 4aSujeto (Filosofía) 4aIndividuo y sociedad. 4aLibros electrónicos.2 aelibro, Corp. 0aCiencias sociales y humanidades ;v15.40uhttps://elibro.net/ereader/politecnicointernacional/171552 c71827d71827